01670nam0a22002531 4500001001100000005001700011021001900028035002600047100004100073101000800114102000700122105001800129200053400147210003200681215001500713300010100728606013200829606015000961702003201111712021401143801001801357801002201375852001901397rc\467070020250612150047.0 aRUb[63-41263] a(NLR Aleph) 008702109 a20130416d1968 |||y0rusy50 ca0 arus aRU ay z |||||1 aПланирование ассортиментной загрузки производства установление прямых связей между поставщиками и потребителямиe(Инструктивно-метод. материал)fГос. ком. Совета Министров СССР по матер.-техн. снабжению. Высш. курсы по повышению квалификации руководящих и инж.-техн. работников. [ЦБТИМС] aМоскваcБ. и.d1968 a31 с.d22 aВ конце текста сост.: доц. канд. экон. наук П.В. Смирнов aПромышленные предприятияxПрямые связи с торговыми организациями2psbo aПромышленные предприятияxМатериально-техническое снабжениеxПланирование2psbo 1aСмирновbП.В.422002aВысшие курсы по повышению квалификации руководящих и инж.-техн. работников Гос. ком. по матер.-техн. снабжению. СССР 0aRUbNLRgpsbo 1aRUbELAR2rusmarc aNLRj68-6/5856